La integración de los vínculos entre pobreza y medio ambiente en la planificación nacional de desarrollo: (Registro nro. 7519)

Detalles MARC
000 -CABECERA
Campo de control 00924nam a22002297a 4500
005 - FECHA Y HORA DE LA ULTIMA TRANSACCION
Campo de control 20130805142750.0
008 - ELEMENTOS DE LONGITUD FIJA—INFORMACION GENERAL
Campo de control 111130s2009 ke a gr 000 0dspa d
020 ## - ISBN
ISBN 9789280729627
041 0# - IDIOMA
Código de idioma para texto/pista de sonido o título separado Español
082 04 - NUMERO DE CLASIFICACION DECIMAL DEWEY
Número de clasificación 362.5
Número del ítem P73i
110 2# - ASIENTO PRINCIPAL--NOMBRE CORPORATIVO
Nombre corporativo o de jurisdicción como elemento de entrada Programa de las Naciones Unidas para el Medio Ambiente.
245 13 - MENCION DE TITULO
Título La integración de los vínculos entre pobreza y medio ambiente en la planificación nacional de desarrollo:
Parte restante del título un manual de buenas prácticas /
Mención de responsabilidad PNUD-PNUMA.
260 ## - PUBLICACION, DISTRIBUCION, ETC. (PIE DE IMPRENTA)
Lugar de publicación, distribución, etc. Nairobi :
Nombre del editor, distribuidor, etc. UNDP :
-- PNUMA. Iniciativa Pobreza - Medio Ambiente,
Fecha de publicación, distribución, etc. 2009.
300 ## - DESCRIPCION FISICA
Extensión x, 132 p. :
Otros detalles físicos il. ;
Dimensiones 30 cm.
500 ## - NOTA GENERAL
Nota general Glosario : p. 111-120.
504 ## - NOTA DE BIBLIOGRAFIA, ETC.
Nota de bibliografía Incluye bibliografía e índice.
650 #4 - ASIENTO SECUNDARIO DE MATERIA - TERMINO TEMATICO
Término temático o nombre geográfico como elemento de entrada Pobreza
Subdivisión general Aspectos ambientales.
650 #4 - ASIENTO SECUNDARIO DE MATERIA - TERMINO TEMATICO
Término temático o nombre geográfico como elemento de entrada Desarrollo económico
Subdivisión general Aspectos ambientales.
650 #4 - ASIENTO SECUNDARIO DE MATERIA - TERMINO TEMATICO
Término temático o nombre geográfico como elemento de entrada Pobreza
Subdivisión general Aspectos ambientales
-- Metodología.
942 ## - ELEMENTOS ADICIONALES (KOHA)
Sistema de clasificación Dewey Decimal Classification
Tipo de ítem Impreso
949 ## - LOCAL PROCESSING INFORMATION (OCLC)
a
Existencias
Withdrawn status Lost status Sistema de Clasificación Damaged status No para préstamo Colección Inventariado Ubicación Permanente Ubicación actual Fecha de adquisición Fuente de Valor Valor Total Checkouts Número topográfico Inventario / Código de Barras Date last seen Ejemplar Price effective from Tipo de material
    Dewey Decimal Classification     General Inventariado 2017 Bogotá Bogotá 05/08/2013 Instituto 39000.00   LB 362.5 P73i 028472 05/08/2013 Ej. 1 05/08/2013 Libro